Central Library OPAC University of Rajshahi

Exercises in physical geology / (Record no. 74989)

MARC details
000 -LEADER
fixed length control field 01156nam a2200325 a 4500
001 - CONTROL NUMBER
control field 74989
003 - CONTROL NUMBER IDENTIFIER
rucl marc code BD-RjUL
005 - DATE AND TIME OF LATEST TRANSACTION
control field 20211209082630.0
008 - FIXED-LENGTH DATA ELEMENTS--GENERAL INFORMATION
fixed length control field 890922s1986 nyub 000 0 eng d
020 ## - INTERNATIONAL STANDARD BOOK NUMBER
International Standard Book Number 080874769X
035 ## - SYSTEM CONTROL NUMBER
System control number (BD-RjUL)75207
040 ## - CATALOGING SOURCE
Original cataloging agency BD-RjUL
Language of cataloging eng
Transcribing agency BD-RjUL
041 ## - LANGUAGE CODE
Language code of text/sound track or separate title eng
082 ## - DEWEY DECIMAL CLASSIFICATION NUMBER
Edition number 23
Classification number 551
Author mark and year HAE 1986
092 ## - LOCALLY ASSIGNED DEWEY CALL NUMBER (OCLC)
Classification number D0400471278
100 1# - MAIN ENTRY--PERSONAL NAME
Personal name Hamblin, W. Kenneth
Fuller form of name (William Kenneth),
Dates associated with a name 1928-2009.
9 (RLIN) 226622
245 10 - TITLE STATEMENT
Title Exercises in physical geology /
Statement of responsibility, etc. W. K. Hamblin, J. D. Howard
250 ## - EDITION STATEMENT
Edition statement 6th ed
260 ## - PUBLICATION, DISTRIBUTION, ETC. (IMPRINT)
Place of publication, distribution, etc. New York :
Name of publisher, distributor, etc. Macmillan ;
Place of publication, distribution, etc. London :
Name of publisher, distributor, etc. Collier Macmillan,
Date of publication, distribution, etc. 1986
300 ## - PHYSICAL DESCRIPTION
Pagination 191 p. :
Illustrations ill. (some col.), maps (some col.) ;
Size 31 cm
500 ## - GENERAL NOTE
General note Includes loose folded colored map: Physiographic map of earth
650 #0 - SUBJECT ADDED ENTRY--TOPICAL TERM
Topical term or geographic name as entry element Geology
Form subdivision Maps
9 (RLIN) 226623
Topical term or geographic name as entry element Geology, Structural
General subdivision Laboratory manuals
9 (RLIN) 226624
Topical term or geographic name as entry element Geomorphology
General subdivision Laboratory manuals
9 (RLIN) 226625
Topical term or geographic name as entry element Petrology
General subdivision Laboratory manuals
9 (RLIN) 226626
Topical term or geographic name as entry element Physical geology
General subdivision Laboratory manuals.
9 (RLIN) 226627
700 1# - ADDED ENTRY--PERSONAL NAME
Personal name Howard, James D.
942 ## - ADDED ENTRY ELEMENTS (KOHA)
Source of classification or shelving scheme Dewey Decimal Classification
Koha item type Books
Holdings
Lost status Source of classification or shelving scheme Damaged status Not for loan Collection code Permanent Location Current Location Shelving location Date acquired Source of acquisition Total Checkouts Full call number Date last seen Copy number Koha item type
  Dewey Decimal Classification   Not For Loan Non-fiction Central Library, University of Rajshahi Central Library, University of Rajshahi Reading Room 07/08/1993 Asia Foundation san Francisco. California. U:S.A.   551 HAE 1986 06/01/2019 C-1 Books